| 000 | 01102nam a22002657a 4500 | ||
|---|---|---|---|
| 001 | 8967 | ||
| 003 | FISKH | ||
| 005 | 20251111152450.0 | ||
| 008 | 251111b cb ||||| |||| 00| 0 eng d | ||
| 040 |
_aFISKH _beng _cFISKH _dFISKH |
||
| 050 | _aPZ7 | ||
| 082 | _a398.2 | ||
| 100 |
_aRadloff, Mary _eAuthor |
||
| 245 |
_aKing Fred the fearless : _bHoughton Mifflin reading program / _cBy Mary Radloff ; Pictures by Victoria Chess |
||
| 260 |
_aBoston : _bHoughton Mifflin , _c1983 |
||
| 300 |
_a16 pages : _bcolor illustrations ; _c24 cm |
||
| 505 | _aG | ||
| 520 | _aKing Fred the Fearless is a simple, fun story about a brave king who proves that courage isn’t just about fighting dragons or giants—it’s about staying calm and clever when things go wrong. Through colorful pictures and easy-to-read text, young readers learn that true bravery comes from using your heart and your mind to help others. | ||
| 521 | 8 |
_a350
_bLexile estimate |
|
| 521 | 8 |
_aG
_bRaz-Plus |
|
| 650 |
_aGreat king _vFearless |
||
| 700 |
_aChess, Victoria _eIllustrator |
||
| 942 |
_2ddc _cBK _n0 |
||
| 999 |
_c8967 _d8967 |
||